| 000 | 00645nam a22001937a 4500 | ||
|---|---|---|---|
| 999 |
_c172457 _d172457 |
||
| 005 | 20200205160013.0 | ||
| 010 | _aA-60578 | ||
| 020 |
_c40.00 _a- |
||
| 035 | _aA-60578 | ||
| 037 |
_bDBAD/PUB _a- |
||
| 082 | _a843.08 | ||
| 100 | _aصا د ق | ||
| 245 |
_aتر قی پسند تحر يک ا و ر ا ر د و ا فسا نہ (1936-1956) _cصا د ق |
||
| 246 |
_bTaraqee Pasand Tehreek Aur Urdu Afsana(1936-1956) (Urdu) _aby Dr.Sadiqu |
||
| 260 |
_aN.Delhi _bAnjuman Taraqui Urdu _c1993 ء |
||
| 270 |
_aUrdu Ghar,Raose Avenew, _bN.Delhi _e1 _k- _l- |
||
| 300 |
_a264 ص _c22 Cm(Hb) |
||
| 942 |
_2ddc _cUR _h843.08 _mص ا د |
||